|
|
|
|
| LEADER |
00687nab a2200157 i 4500 |
| 001 |
delm141111 |
| 005 |
20200102094814.0 |
| 008 |
200102s2008 hu o 0|| hun d |
| 040 |
|
|
|a SZTE Délmagyarország Archívum
|b hun
|
| 041 |
|
|
|a hun
|
| 100 |
1 |
|
|a Bakos András
|
| 245 |
1 |
0 |
|a Menesztenék az ÓNTE igazgatóját
|h [elektronikus dokumentum] :
|b Magyar Anna már tegnap szerette volna elküldeni Horváth Gábort /
|c Bakos András
|
| 260 |
|
|
|c 2008-12-17
|
| 300 |
|
|
|a 3
|
| 490 |
0 |
|
|a Délmagyarország
|v 98 No. 294
|
| 695 |
|
|
|a Horváth Gábor, Ópusztaszer, Eseménynaptár Szeged 2008. 12., Pénzügy gazdálkodás, Csongrád megyei közgyűlés, Igazgató, Ópusztaszeri Nemzeti Történeti Emlékpark
|